LEADER 01416aam a2200313 u 4500 001 000000015094 003 CaOOAMICUS 005 20070226105836.0 008 940513s1985 nyu u000 u eng u 020 $a0029195500 035 $a10354788 040 $aPUL(R)$bita 100 1 $aMcGinn, Bernard,$d1937-$0(OLS)http://pul/name/6086 245 14$aThe Calabrian Abbot :$bJoachim of Fiore in the history of Western thought /$cBernard McGinn. 260 $aNew York :$bMacmillan Publishing Company ;$aLondon :$bCollier Macmillan Publishers,$c1985. 300 $axix, 261 p. ;$c24 cm 500 $aComprende indici. 504 $aBibliografia: p. 239-243. 600 04$aJoachim de Flore,$dca. 1132-1202.$0(OLS)http://pul/subject/2886 850 $aPUL 852 $aPUL$W1$xDP1 Religione 1$y20$m481 C 48$j21164$nBK-PRI$b $qStampati$B21164$CPULBib$Z2$F21164 $H $81 941 1 $a8 960 $aIoachim de Floris,$dca. 1132-1202$92886 960 $aGioacchino da Fiore,$dc. 1132-1202$92886 961 $aINV: 57883 996 $6020$a0029195500$9(OLS)http://pul/number/19174 996 $6245$aThe Calabrian Abbot :$bJoachim of Fiore in the history of Western thought$9(OLS)http://pul/title/21667 996 $6260$aNew York :$bMacmillan Publishing Company$9(OLS)http://pul/publisher/54579 996 $6260$aLondon :$bCollier Macmillan Publishers$9(OLS)http://pul/publisher/54580 LEADER 01338nam a2200277 u 4500 001 000000083432 003 CaOOAMICUS 005 20140409124546.0 008 050506m19441954fr u000 u fre r 035 $a11045242 040 $aPUL(R)$bita 100 1 $aFestugière, A. J.$q(André Jean),$cO.P.,$d1898-1982.$0(OLS)http://pul/name/13 245 13$aLa révélation d'Hermès Trismégiste /$cpar le R.P. Festugière. 260 $aParis :$bJ. Gabalda,$c1944-1954. 300 $a4 v. ;$c26 cm. 490 1 $aEtudes bibliques 505 0 $a1. L'astrologie et les sciences occultes. Avec un appendice sur l'Hermétisme arabe, par M. Louis Massignon -- 2. Le Dieu cosmique. 650 4$aErmetismo.$0(OLS)http://pul/subject/239 700 1 $aMassignon, Louis,$d1883-1962.$0(OLS)http://pul/name/8995 830 0$aEtudes bibliques.$0(OLS)http://pul/title/4591 850 $aPUL 852 $aPUL$W1$xSL Religione 1$y3$m5 G 43$j120928$av.3$qStampati$B158724$CPULBib$Z2$F158724 $H25876 $82 852 $aPUL$W1$xDP1 Fondo Cecchetti$y53$m265 H 6$j159184$nBK-PRI$av.1$qFondi$B106167$CPULBib$Z2$F106167 $H1301 $82 941 1 $a1 996 $6245$aLa révélation d'Hermès Trismégiste$9(OLS)http://pul/title/11118 996 $6260$aParis :$bJ. Gabalda$9(OLS)http://pul/publisher/48260